000 00274nam a22001217a 4500
008 230620b xxu||||| |||| 00| 0 eng d
082 _a316.76
_bCBS
100 _cCBS
245 _aStatistical Abstract 1982
260 _aKenya
_bCBS
_c1982
300 _a335p
942 _2ddc
_cBK
999 _c1493
_d1493